[Event "Brasilia IRT U16/18"]
[Site "Brasilia"]
[Date "2018.03.03"]
[Round "2.6"]
[White "Muniz, Julia Cunha"]
[Black "Tufenkjian, Victor Piemonte"]
[Result "0-1"]
[WhiteElo "1169"]
[BlackElo "1355"]
[PlyCount "44"]
[EventDate "2018.03.02"]
[EventType "swiss"]
[EventRounds "6"]
[EventCountry "BRA"]
[SourceTitle "EXT 2022"]
[Source "ChessBase"]
[SourceDate "2021.10.06"]
[SourceVersion "1"]
[SourceVersionDate "2021.10.06"]
[SourceQuality "1"]

1. e4 c5 2. Nf3 a6 3. d4 cxd4 4. Nxd4 Nf6 5. e5 Nd5 6. Bc4 e6 7. 0-0 Nc6 8. Nxc6 dxc6 9. Bxd5 exd5 10. Nc3 Bf5 11. Re1 Bb4 12. Bd2 0-0 13. a3 Bc5 14. Qf3 Be4 15. Qg3 Bxc2 16. Bh6 Bg6 17. Bg5 Qe8 18. Na4 Bd4 19. Rad1 Ba7 20. Be3 d4 21. Bf4 Bc2 22. Rd2 Bxa4 0-1

[Event "Brasilia Centro Oeste-ch"]
[Site "Brasilia"]
[Date "2017.09.24"]
[Round "5"]
[White "Muniz, Julia Cunha"]
[Black "Loricchio, Leticia Figueira"]
[Result "1-0"]
[WhiteElo "1157"]
[BlackElo "1370"]
[PlyCount "77"]
[EventDate "2017.09.22"]
[EventType "swiss"]
[EventRounds "6"]
[EventCountry "BRA"]
[SourceTitle "CBM 180 Extra"]
[Source "ChessBase"]
[SourceDate "2017.10.06"]
[SourceVersion "1"]
[SourceVersionDate "2017.10.06"]
[SourceQuality "1"]

1. e4 e5 2. Nf3 Nc6 3. Bc4 Bc5 4. c3 Be7 5. d4 Bf6 6. d5 Na5 7. Nbd2 Nxc4 8. Nxc4 d6 9. 0-0 Bg4 10. h3 Bh5 11. Ncd2 Bh4 12. Qa4+ c6 13. dxc6 Qe7 14. cxb7+ Kf8 15. bxa8Q+ Qd8 16. Qxd8+ Bxd8 17. Qxa7 Nf6 18. Ng5 h6 19. Ngf3 Kg8 20. g4 Bg6 21. Nh4 Bxe4 22. Nxe4 Nxe4 23. Qa8 Kh7 24. Qxe4+ Kg8 25. Nf5 g6 26. Nxd6 Kg7 27. Qxe5+ f6 28. Qd4 Rf8 29. g5 h5 30. Nb7 Be7 31. Re1 Kf7 32. Qc4+ Ke8 33. Nd6+ Kd8 34. Bf4 fxg5 35. Be5 Kd7 36. Rad1 g4 37. Nb7+ Ke8 38. Nd6+ Kd8 39. Qc8# 1-0

[Event "Brasilia Centro Oeste-ch"]
[Site "Brasilia"]
[Date "2017.09.22"]
[Round "1"]
[White "Muniz, Julia Cunha"]
[Black "Wolff, Carlos Alberto"]
[Result "0-1"]
[WhiteElo "1157"]
[BlackElo "1840"]
[PlyCount "74"]
[EventDate "2017.09.22"]
[EventType "swiss"]
[EventRounds "6"]
[EventCountry "BRA"]
[SourceTitle "CBM 180 Extra"]
[Source "ChessBase"]
[SourceDate "2017.10.06"]
[SourceVersion "1"]
[SourceVersionDate "2017.10.06"]
[SourceQuality "1"]

1. e4 c5 2. d4 cxd4 3. c3 dxc3 4. Nxc3 d6 5. Bc4 Nc6 6. Nf3 h6 7. 0-0 Nf6 8. Be3 g6 9. h3 Bg7 10. Qe2 Bd7 11. a3 Qc8 12. Qd1 Ne5 13. Nxe5 dxe5 14. Bb3 0-0 15. Qe2 Bc6 16. f3 Rd8 17. Rad1 Rxd1 18. Qxd1 Qe8 19. Qc2 b6 20. Ba4 Bxa4 21. Qxa4 Qxa4 22. Nxa4 Kf8 23. Nc3 Ne8 24. g3 h5 25. f4 exf4 26. Bxf4 Bxc3 27. bxc3 f6 28. Bh6+ Kf7 29. Be3 Rc8 30. Re1 Nd6 31. e5 fxe5 32. Rf1+ Ke6 33. Rc1 Ne4 34. a4 Nxg3 35. Kg2 Nf5 36. Bd2 Nd6 37. Be3 Rc4 0-1

[Event "BRA-ch U12 Girls"]
[Site "Brasilia"]
[Date "2017.04.21"]
[Round "2"]
[White "Leite, Maryana Izabelle Fe"]
[Black "Muniz, Julia Cunha"]
[Result "1-0"]
[WhiteElo "1450"]
[BlackElo "1169"]
[PlyCount "65"]
[EventDate "2017.04.21"]
[EventType "swiss"]
[EventRounds "6"]
[EventCountry "BRA"]
[SourceTitle "CBM 177 Extra"]
[Source "ChessBase"]
[SourceDate "2017.04.27"]
[SourceVersion "1"]
[SourceVersionDate "2017.04.27"]
[SourceQuality "1"]

1. e4 e5 2. Nf3 Nc6 3. Nc3 Nf6 4. Bc4 Bc5 5. h3 d6 6. d3 h6 7. 0-0 0-0 8. Bd2 Be6 9. Bxe6 fxe6 10. Qe2 Qe7 11. Be3 Bb6 12. Bxb6 cxb6 13. Nh4 Nd4 14. Qd1 Nxe4 15. Ng6 Qg5 16. Nxf8 Rxf8 17. Nxe4 Qd8 18. c3 Nc6 19. d4 exd4 20. cxd4 d5 21. Nc3 Qg5 22. Qe2 Nxd4 23. Qd1 Nf5 24. Qg4 Qf6 25. Rad1 d4 26. Ne4 Qe5 27. Rde1 Rd8 28. Ng3 Nxg3 29. Rxe5 Nf5 30. Rxe6 d3 31. Qxf5 d2 32. Rd1 Rd7 33. Re8# 1-0

[Event "Brasilia Terraviva op"]
[Site "Brasilia"]
[Date "2017.01.08"]
[Round "6"]
[White "Muniz, Julia Cunha"]
[Black "Braga, Marcelo Melem"]
[Result "0-1"]
[WhiteElo "1614"]
[BlackElo "1615"]
[PlyCount "86"]
[EventDate "2017.01.06"]
[EventType "swiss"]
[EventRounds "6"]
[EventCountry "BRA"]
[SourceTitle "CBM 176 Extra"]
[Source "ChessBase"]
[SourceDate "2017.03.02"]
[SourceVersion "1"]
[SourceVersionDate "2017.03.02"]
[SourceQuality "1"]

1. e4 c6 2. d4 d5 3. exd5 cxd5 4. Nc3 Nc6 5. Nf3 Bg4 6. Be3 e6 7. h3 Bxf3 8. Qxf3 Qb6 9. Bb5 Bb4 10. Bxc6+ Qxc6 11. Bd2 Nf6 12. 0-0 Rc8 13. a3 Bxc3 14. Bxc3 0-0 15. Bb4 Rfe8 16. Qc3 Qxc3 17. Bxc3 Ne4 18. f3 Nxc3 19. bxc3 Rxc3 20. Rfc1 Rec8 21. Ra2 R8c4 22. Rb2 b6 23. Rb4 Rxc2 24. Rxc4 Rxc4 25. Rd1 Kf8 26. Kf2 Ke7 27. Ke3 Rc3+ 28. Rd3 Rxd3+ 29. Kxd3 a5 30. a4 Kd6 31. g3 f6 32. f4 g5 33. fxg5 fxg5 34. h4 gxh4 35. gxh4 e5 36. dxe5+ Kxe5 37. h5 h6 38. Kd2 Kd4 39. Kd1 Kd3 40. Ke1 Kc2 41. Ke2 d4 42. Ke1 d3 43. Kf1 d2 0-1

[Event "Brasilia Terraviva op"]
[Site "Brasilia"]
[Date "2017.01.07"]
[Round "4"]
[White "Muniz, Julia Cunha"]
[Black "Valcarcel, Victor Ignacio Sant"]
[Result "0-1"]
[WhiteElo "1614"]
[BlackElo "1660"]
[PlyCount "36"]
[EventDate "2017.01.06"]
[EventType "swiss"]
[EventRounds "6"]
[EventCountry "BRA"]
[SourceTitle "CBM 176 Extra"]
[Source "ChessBase"]
[SourceDate "2017.03.02"]
[SourceVersion "1"]
[SourceVersionDate "2017.03.02"]
[SourceQuality "1"]

1. e4 e5 2. Nf3 Nf6 3. Nc3 Bc5 4. Nxe5 d6 5. Nf3 Nc6 6. Bc4 Bg4 7. 0-0 0-0 8. h3 Bh5 9. d3 Nd4 10. g4 Nxg4 11. Nxd4 Qh4 12. hxg4 Bxg4 13. Nf3 Qh5 14. Kg2 Qh3+ 15. Kg1 Bxf3 16. Qxf3 Qxf3 17. a3 Qg3+ 18. Kh1 Bxf2 0-1

[Event "Goiania Goias Cup"]
[Site "Goiania"]
[Date "2016.10.16"]
[Round "6"]
[White "Aguiar, Luisa Oliveira"]
[Black "Muniz, Julia Cunha"]
[Result "0-1"]
[WhiteElo "1794"]
[BlackElo "1668"]
[PlyCount "62"]
[EventDate "2016.10.14"]
[EventType "swiss"]
[EventRounds "6"]
[EventCountry "BRA"]
[SourceTitle "CBM 175 Extra"]
[Source "ChessBase"]
[SourceDate "2016.12.12"]
[SourceVersion "1"]
[SourceVersionDate "2016.12.12"]
[SourceQuality "1"]

1. e4 e5 2. Nf3 Nc6 3. d4 exd4 4. Nxd4 Nf6 5. Qd3 d5 6. exd5 Qxd5 7. Qe3+ Be7 8. Nxc6 Qxc6 9. Qd3 Qd6 10. Qe2 Qe6 11. Be3 0-0 12. g3 Qg4 13. Qd2 Ne4 14. Qc1 Be6 15. Nc3 Nxc3 16. bxc3 Qf3 17. Rg1 Qc6 18. Bd2 Qe4+ 19. Be3 Qc6 20. c4 Bf6 21. Rb1 Bc3+ 22. Bd2 Be5 23. Be3 Rad8 24. Bd3 Rfe8 25. Qd1 Qd6 26. f4 Bc3+ 27. Kf1 Qc6 28. Qh5 g6 29. Qg5 Qf3+ 30. Bf2 Bh3+ 31. Rg2 Qxg2# 0-1

[Event "Goiania Goias Cup"]
[Site "Goiania"]
[Date "2016.10.14"]
[Round "2"]
[White "Garcia, Gabriel Gonzaga"]
[Black "Muniz, Julia Cunha"]
[Result "1-0"]
[WhiteElo "2171"]
[BlackElo "1668"]
[PlyCount "33"]
[EventDate "2016.10.14"]
[EventType "swiss"]
[EventRounds "6"]
[EventCountry "BRA"]
[SourceTitle "CBM 175 Extra"]
[Source "ChessBase"]
[SourceDate "2016.12.12"]
[SourceVersion "1"]
[SourceVersionDate "2016.12.12"]
[SourceQuality "1"]

1. e4 e5 2. Nf3 Nc6 3. Bc4 Nf6 4. d3 Bd6 5. Bg5 0-0 6. Nc3 h6 7. Bh4 Bc5 8. Qe2 d6 9. Nd5 Be6 10. Nxf6+ gxf6 11. Nd2 Nd4 12. Qh5 Nxc2+ 13. Kd1 Nxa1 14. Qxh6 Bxc4 15. dxc4 d5 16. Bxf6 Qd6 17. Qg7# 1-0

[Event "Goiania Clube de Goias U2200 2nd"]
[Site "Goiania"]
[Date "2016.07.30"]
[Round "1.9"]
[White "Campos, Westerley Batista"]
[Black "Muniz, Julia Cunha"]
[Result "1-0"]
[WhiteElo "1736"]
[BlackElo "1735"]
[PlyCount "81"]
[EventDate "2016.07.30"]
[EventType "swiss"]
[EventRounds "5"]
[EventCountry "BRA"]
[SourceTitle "EXT 2022"]
[Source "ChessBase"]
[SourceDate "2021.10.06"]
[SourceVersion "1"]
[SourceVersionDate "2021.10.06"]
[SourceQuality "1"]

1. b4 e5 2. Bb2 d6 3. c4 Nf6 4. g3 Be7 5. Bg2 0-0 6. e3 c6 7. Ne2 Bg4 8. h3 Be6 9. d3 Nbd7 10. 0-0 d5 11. c5 b6 12. d4 exd4 13. exd4 bxc5 14. dxc5 Rb8 15. a3 Ra8 16. Nd4 Nb8 17. f4 Bc8 18. Nd2 Ba6 19. Re1 Re8 20. Qa4 Bb7 21. N2f3 Bf8 22. Ne5 Qc8 23. Rac1 Nfd7 24. Qc2 Nxe5 25. fxe5 g6 26. b5 cxb5 27. c6 Bxc6 28. Nxc6 Qxc6 29. Qxc6 Nxc6 30. Bxd5 Rac8 31. Bxc6 Re6 32. Bd7 Rxc1 33. Rxc1 Re7 34. Bc8 Bh6 35. Rd1 Be3+ 36. Kg2 Rc7 37. Rd8+ Kg7 38. e6+ Kh6 39. Kf3 Bc5 40. exf7 Bxa3 41. Rg8 1-0

[Event "Goiania Clube de Goias U2200 2nd"]
[Site "Goiania"]
[Date "2016.07.30"]
[Round "2.6"]
[White "Muniz, Julia Cunha"]
[Black "Mello, Ugo Francisco Schia"]
[Result "0-1"]
[WhiteElo "1735"]
[BlackElo "1495"]
[PlyCount "100"]
[EventDate "2016.07.30"]
[EventType "swiss"]
[EventRounds "5"]
[EventCountry "BRA"]
[SourceTitle "EXT 2022"]
[Source "ChessBase"]
[SourceDate "2021.10.06"]
[SourceVersion "1"]
[SourceVersionDate "2021.10.06"]
[SourceQuality "1"]

1. e4 c6 2. Nf3 d5 3. exd5 cxd5 4. d4 Bf5 5. Nc3 Nf6 6. Bd3 Bxd3 7. cxd3 e6 8. 0-0 Be7 9. Bf4 a6 10. Re1 0-0 11. Qc1 Nbd7 12. Nd1 Rc8 13. Qd2 h6 14. Rc1 Qb6 15. Rxc8 Rxc8 16. Ne5 Qxd4 17. Nxd7 Nxd7 18. Be3 Qa4 19. b3 Qc6 20. Qe2 Bb4 21. Rf1 Nf6 22. h3 Qc2 23. Qxc2 Rxc2 24. Bf4 Rxa2 25. Ne3 Nd7 26. Rc1 b5 27. Rc8+ Bf8 28. Rc7 Nb6 29. Rb7 Nc8 30. Rc7 Ne7 31. Bd6 Ng6 32. Bg3 Rb2 33. d4 Rxb3 34. Ra7 Ra3 35. Nc2 Ra4 36. Bc7 Rc4 37. Ne3 Rxd4 38. Rxa6 Ra4 39. Rc6 b4 40. Rc1 b3 41. Rb1 Rb4 42. Ba5 Rb5 43. Be1 Ne5 44. Nd1 Rb7 45. f4 Bc5+ 46. Kh1 Nd3 47. Bg3 Bd4 48. Bh4 b2 49. g4 Rc7 50. Bd8 Rc1 0-1